| 000 | 00410nam a2200181Ia 4500 | ||
|---|---|---|---|
| 008 | 090122s9999 xx 000 0 und d | ||
| 082 | _b11648 | ||
| 100 |
_aHITLER _bADOLF |
||
| 245 | _aMAIN KAMPF | ||
| 260 |
_bJACICO BOOK _c1988 |
||
| 300 | _a560 | ||
| 501 | _aबि. नं. 322-23-25-28-29 | ||
| 600 | _aHITLER | ||
| 630 | _aMAIN KAMPF | ||
| 700 | _aHITLER | ||
| 730 | _aMAIN KAMPF | ||
| 942 | _cBOOK | ||
| 999 |
_c35725 _d35725 |
||